Dragón /

Guardado en:
Autor Principal: Roldán, Gustavo
Formato: Libro
Publicado: Buenos Aires : Sudamericana, 2013
Materias:
Etiquetas: Agregar Etiqueta
Sin Etiquetas, Sea el primero en etiquetar este registro!
LEADER 00718nam a22002415a 4500
001 CEM.cems014241
005 20140328112135.0
008 130507s2013##################000#0#####d
003 CEMS
020 |a 9789500742023 
082 0 4 |a A868.4 
100 1 |a Roldán, Gustavo 
245 1 0 |a Dragón /  |c Gustavo Roldán ; ilustraciones de Luis Scafati 
260 |a Buenos Aires :  |b Sudamericana,  |c 2013 
300 |a 80 p. 
653 |a Literatura 
653 |a Literatura argentina 
653 |a Literatura infantil 
653 |a Literatura juvenil 
653 |a Cuentos 
653 |a Cuentos juveniles 
653 |a Ministerio de educación-colección literaria 
859 |a CEMS  |b BIB. CEMS - 11 de abril  |h A868.4  |i R643  |p 26861.14  |t Ej.1